| 000 | 01154cam a22003132a 4500 | ||
|---|---|---|---|
| 999 |
_c1070 _d1070 |
||
| 001 | .b14201124 | ||
| 003 | OSt | ||
| 005 | 20210528091142.0 | ||
| 005 | 20151025151657.145 | ||
| 008 | 151025s2015 nyua j 000 1 eng d | ||
| 020 | _a0062367021 | ||
| 020 |
_a9780062367020 _q(pbk.) : |
||
| 020 |
_a9780062367150 _qBox set |
||
| 040 |
_aKUAS _beng _cDIPPER _erda |
||
| 041 | 0 | _aeng | |
| 042 | _anbic | ||
| 082 | 0 | _aFIC HUN | |
| 100 | 1 |
_aHunter, Erin. _eauthor |
|
| 245 | 1 | 0 |
_aMidnight / _cErin Hunter. |
| 250 | _aRevised paperback edition. | ||
| 260 |
_aNew York, NY : _bHarper, An Imprint of HarperCollins Publishers, _c[2015] |
||
| 300 |
_a303, 15 pages : _billustrations : map ; _c20 cm. |
||
| 490 | 1 |
_aWarriors, the new prophecy ; _vbook 1. |
|
| 520 | _a"Brambleclaw, a warrior of ThunderClan, has received an ominous new prophecy from StarClan that speaks of a mysterious danger. Now he will need the courage of the greatest warriors to save the clans" -- Page [4] of cover. | ||
| 650 | 0 |
_aCats _xJuvenile fiction. |
|
| 650 | 0 |
_aProphecies _xJuvenile fiction. |
|
| 800 | 1 |
_aHunter, Erin. _tWarriors, the new prophecy. |
|
| 942 |
_2ddc _cFIC |
||